Alternativas campesinas: modernización en el agro y movimiento campesino en Centroamérica /

সংরক্ষণ করুন:
গ্রন্থ-পঞ্জীর বিবরন
প্রধান লেখক: Tangermann, Klaus - Dieter
অন্যান্য লেখক: coord, Ríos Valdés, Ivana
বিন্যাস: অজ্ঞাত
প্রকাশিত: Managua: Latino Editores. CRIES
বিষয়গুলি:
ট্যাগগুলো: ট্যাগ যুক্ত করুন
কোনো ট্যাগ নেই, প্রথমজন হিসাবে ট্যাগ করুন!

MARC

LEADER 00000 a2200000 04500
001 10493
003
008 991231s d
040
090 |a 136512  
100 |a Tangermann, Klaus - Dieter  
245 |a Alternativas campesinas: modernización en el agro y movimiento campesino en Centroamérica /  |c Klaus - Dieter Tangermann 
260 |a Managua:   |b Latino Editores. CRIES  
300 |a 320 p.  
650 |a POBREZA  
650 |a POBLACION RURAL  
650 |a ESTADO  
650 |a CEPAL  
650 |a AJUSTE ESTRUCTURAL  
650 |a INTEGRACION REGIONAL  
650 |a POLITICA GUBERNAMENTAL  
650 |a ANALISIS HISTORICO  
650 |a PARTIDOS POLITICOS  
650 |a ORGANIZACIONES CAMPESINAS  
700 |a coord  
700 |a Ríos Valdés, Ivana  
700 |a coord  
999 |c 5429  |d 5429